| 000 | 00404nam a22001457a 4500 | ||
|---|---|---|---|
| 020 | _a9780470014868 | ||
| 082 | _a621.382150151922 SHE | ||
| 100 | _a Shelukhin, O. I. | ||
| 245 | _aSelf-similar processes in telecommunications | ||
| 260 |
_aNew York _bJohn Wiley _c2007 |
||
| 300 |
_axix, 314p. : _e24 cm |
||
| 650 | _aInternetworking (Telecommunication) | ||
| 700 | _aOleg I. Shelukhin | ||
| 942 | _cBK | ||
| 999 |
_c11784 _d11784 |
||